Statistiken für Mai-Ereignisse Quiz

Klicken Sie hier um das Quiz zu spielen!

Allgemein

  • Dieses Quiz wurde 1.235 mal gespielt
  • Das Durchschnittsergebnis liegt bei 17 aus 31

Antwortstatistiken

DatumJahrHinweisAntwort% Korrekt
1. Mai1930Dieser Zwergplanet wird benanntPluto
95%
8. Mai1945Diese Nation kapituliert bedingungslosDeutsches Reich
91%
7. Mai2000Dieser Judo-Enthuasiast wird russischer PräsidentWladimir Putin
88%
10. Mai1994Dieser Mann wird zum ersten schwarzen Anführer SüdafrikasNelson Mandela
87%
2. Mai2011Diese berüchtigte Person wird in Pakistan getötetOsama bin Laden
86%
6. Mai1937Dieser deutsche Zeppelin wird durch ein Feuer zerstörtHindenburg
84%
12. Mai1949Die UdSSR beendet die Blockade dieser StadtBerlin
77%
17. Mai1860Dieser bekannte Münchner Fußballverein wird gegründetTSV 1860 München
75%
16. Mai1929Diese Awards werden zum ersten Mal vergebendie Academy Awards
74%
29. Mai1953Edmund Hillary und Tenzing Norgay erreichen den Gipfel dieses BergesMount Everest
73%
22. Mai1972Diese früher als "Ceylon" bekannte Insel erhält ihren aktuellen NamenSri Lanka
68%
13. Mai1846Die USA erklären diesem Land den KriegMexiko
62%
27. Mai1927Diese Firma stellt den Bau des Model T einFord
58%
20. Mai1498Dieser portugiesische Entdecker erreicht Indien auf dem SeewegVasco da Gama
58%
19. Mai2001Diese Fußball-Mannschaft wird zum "Meister der Herzen"FC Schalke 04
55%
30. Mai1431Dieser weibliche Kämpfer wird auf dem Scheiterhaufen verbranntJeanne d'Arc
54%
25. Mai2013Dieser Bayern-Spieler entscheidet das Champions-League-Finale gegen Borussia DortmundArjen Robben
48%
14. Mai1796Edward Jenner testet den ersten Impfstoff gegen diese KrankheitPocken
47%
24. Mai1844Samuel Morse sendet die erste Nachricht mit diesem HilfsmittelTelegraph
45%
21. Mai1927Dieser Pilot erreicht Paris nach einem Non-Stop-Flug von New YorkCharles Lindbergh
44%
4. Mai1994Dieser PLO-Vorsitzende verhandelt ein Friedensabkommen mit IsraelJassir Arafat
43%
28. Mai1998Dieses Land testet zum ersten Mal NuklearwaffenPakistan
42%
9. Mai1936Dieses Land wird formell von Italien annektiertÄthiopien
37%
23. Mai1533Dieser König lässt sich von Katharina von Aragon scheidenKönig Henry VIII.
34%
26. Mai1940Alliierte Kräfte evakuieren Europa von dieser französischen Stadt ausDünkirchen
32%
15. Mai1972Diese Insel, unter US-Besetzung, wird an Japan zurückgegebenOkinawa
30%
3. Mai1973Dieses Gebäude, einst das höchste der Welt, wird komplettiert{Sears} Tower
30%
5. Mai1260Dieser Khan wird zum mongolischen HerrscherKublai
29%
11. Mai1997Dieser Schachcomputer schlägt Weltmeister Garri KasparowDeep Blue
26%
18. Mai1980Dieser Vulkan bricht im Pazifischen Nordwesten ausMount St. Helens
18%
31. Mai1916Diese Seeschlacht, nach einem Teil der Nordsee benannt, wird zur größten Seeschlacht des 1. Weltkrieges{Skagerrak}schlacht
13%

Verteilung der Resultate

Perzentil nach korrekt beantworteten Fragen

Anzahl Personen mit jedem Resultat

Ihre Resultats-Entwicklung

Sie haben dieses Quiz noch nicht gespielt